Copyright under the intellectual property code/ (Record no. 7183)

MARC details
000 -LEADER
fixed length control field 00495nam a22001697a 4500
003 - CONTROL NUMBER IDENTIFIER
control field OSt
005 - DATE AND TIME OF LATEST TRANSACTION
control field 20260124025455.0
008 - FIXED-LENGTH DATA ELEMENTS--GENERAL INFORMATION
fixed length control field 251217b |||||||| |||| 00| 0 eng d
020 ## - INTERNATIONAL STANDARD BOOK NUMBER
International Standard Book Number 971-23-2591-1
040 ## - CATALOGING SOURCE
Original cataloging agency DWCL Main Lib.
Transcribing agency OC
082 ## - DEWEY DECIMAL CLASSIFICATION NUMBER
Edition number 1998 ed.
Classification number FIl. 346.0482 Am12c 1998
100 ## - MAIN ENTRY--PERSONAL NAME
Personal name Amador, Vicente B.
245 ## - TITLE STATEMENT
Title Copyright under the intellectual property code/
Statement of responsibility, etc. Vicente B. Amador
260 ## - PUBLICATION, DISTRIBUTION, ETC.
Place of publication, distribution, etc. Rex book store.
300 ## - PHYSICAL DESCRIPTION
Extent xxiv 759 p. ;
Dimensions 23 cm.
942 ## - ADDED ENTRY ELEMENTS (KOHA)
Source of classification or shelving scheme Dewey Decimal Classification
Koha item type Book-Filipiniana
Call number prefix Fil.
Suppress in OPAC No
952 ## - LOCATION AND ITEM INFORMATION (KOHA)
--
952 ## - LOCATION AND ITEM INFORMATION (KOHA)
--
952 ## - LOCATION AND ITEM INFORMATION (KOHA)
--
Holdings
Withdrawn status Lost status Source of classification or shelving scheme Damaged status Not for loan Home library Current library Shelving location Date acquired Source of acquisition Cost, normal purchase price Total Checkouts Full call number Barcode Date last seen Copy number Price effective from Koha item type Uniform Resource Identifier
    Dewey Decimal Classification     College Library College Library Filipiniana 02/04/2003 School Fund 0.00   FIl. 346.0482 Am12c 1998 CL37133 12/17/2025 c1 12/17/2025 BK - FIL
    Dewey Decimal Classification     College Library College Library Filipiniana 02/04/2003 School Fund 0.00   FIl. 346.0482 Am12c 1998 CL37132 12/17/2025 c2 12/17/2025 BK - FIL
    Dewey Decimal Classification     College Library College Library Filipiniana 02/04/2003 School Fund 0.00   FIl. 346.0482 Am12c 1998 CL37131 12/17/2025 c3 12/17/2025 BK - FIL